000 00732nam a2200289Ia 4500
005 20260324133308.0
008 008 260324s9999 xx 000 0 eng d
020 _a9781315024332
037 _aEBOOK
040 _aCRL
040 _beng
040 _cCRL
041 _2eng
041 _aeng
084 _qCRL
100 _aRonald L. Jackson II; Elaine B. Richardson
_91192552
245 0 _aUnderstanding African American Rhetoric
245 0 _bClassical Origins to Contemporary Innovations
260 _bTaylor and Francis
260 _c2003
365 _a
365 _b215
856 _uhttp://www.taylorfrancis.com/books/9781315024332
942 _cEBOOK
999 _c1791456
_d1791456